[Event "EU-ch Seniors 65 18th"]
[Site "Drammen"]
[Date "2018.08.06"]
[Round "3"]
[White "Hauge, Tor Arne"]
[Black "Sather, Lars"]
[Result "1-0"]
[WhiteElo "2037"]
[BlackElo "1720"]
[PlyCount "59"]
[EventDate "2018.08.04"]
[EventType "swiss"]
[EventRounds "9"]
[EventCountry "NOR"]
[SourceTitle "CBM 186 Extra"]
[Source "ChessBase"]
[SourceDate "2018.08.24"]
[SourceVersion "1"]
[SourceVersionDate "2018.08.24"]
[SourceQuality "1"]

1. c4 Nf6 2. Nc3 c6 3. d4 b6 4. e4 d6 5. Bg5 h6 6. Bh4 Qc7 7. Nf3 Nbd7 8. d5 Nc5 9. Bxf6 exf6 10. Be2 Be7 11. Nd4 Bb7 12. b4 Nd7 13. Nf5 Bf8 14. 0-0 a6 15. dxc6 Bxc6 16. Nd5 Qd8 17. b5 Bb7 18. a4 Nc5 19. Bf3 Rc8 20. Nd4 Nd7 21. Bg4 Rxc4 22. Bxd7+ Kxd7 23. Rc1 Bxd5 24. exd5 axb5 25. Qg4+ Ke8 26. Rxc4 bxc4 27. Re1+ Be7 28. Nc6 Qd7 29. Rxe7+ Qxe7 30. Qc8+ 1-0